[Event "BL 9293 Dresden-Bayern"]
[Site "?"]
[Date "1993.??.??"]
[Round "?.7"]
[White "Schlosser, P."]
[Black "Heinatz, T."]
[Result "1-0"]
[WhiteElo "2520"]
[BlackElo "2365"]
[PlyCount "51"]
[EventDate "1993.??.??"]

1. d4 Nf6 2. Nf3 g6 3. c4 Bg7 4. g3 O-O 5. Bg2 d5 6. cxd5 Nxd5 7. O-O Nb6 8.
Nc3 Nc6 9. d5 Na5 10. Qc2 c6 11. dxc6 Nxc6 12. Rd1 Bd7 13. Be3 Nc4 14. Bc5 b6
15. Nd4 N6e5 16. Nc6 Nxc6 17. Bxc6 Bxc6 18. Rxd8 Rfxd8 19. Bxe7 Rd2 20. Qb3 Na5
21. Qb4 h6 22. Qf4 Rxb2 23. Bf6 Bxf6 24. Qxf6 Rd2 25. e4 Rad8 26. Nd5 1-0

[Event "BL 9293 Dresden-Bayern"]
[Site "?"]
[Date "1993.??.??"]
[Round "?.8"]
[White "Andresen, S."]
[Black "Stangl, M."]
[Result "0-1"]
[WhiteElo "2350"]
[BlackElo "2505"]
[PlyCount "60"]
[EventDate "1993.??.??"]

1. d4 d5 2. c4 e6 3. Nc3 c6 4. e3 f5 5. Nf3 Nf6 6. Bd3 Bd6 7. Ne5 O-O 8. O-O b6
9. f4 Ne4 10. Nxe4 dxe4 11. Be2 Bb7 12. b3 Nd7 13. Nxd7 Qxd7 14. Bb2 Qe7 15.
Rc1 Rad8 16. Qc2 c5 17. Rcd1 cxd4 18. exd4 g5 19. Bc1 gxf4 20. Bxf4 Bxf4 21.
Rxf4 Rxd4 22. Rxd4 Qc5 23. Rf1 Qxd4+ 24. Kh1 Qg7 25. c5 bxc5 26. Qxc5 f4 27.
Bc4 f3 28. Bxe6+ Kh8 29. g3 e3 30. Bh3 f2+ 0-1

[Event "BL 9293 Erfurt-München 36"]
[Site "?"]
[Date "1993.??.??"]
[Round "?.2"]
[White "Casper, T."]
[Black "Hertneck, G."]
[Result "1/2-1/2"]
[WhiteElo "2425"]
[BlackElo "2575"]
[PlyCount "99"]
[EventDate "1993.??.??"]

1. e4 e6 2. d4 d5 3. Nc3 Bb4 4. exd5 exd5 5. Bd3 Nc6 6. Nge2 Nge7 7. O-O O-O 8.
a3 Ba5 9. Na4 Bf5 10. Be3 Qc8 11. Ng3 Bg6 12. Bxg6 hxg6 13. Bd2 Bb6 14. Nxb6
axb6 15. Re1 Re8 16. Bc3 Qd7 17. Qf3 Nf5 18. Nxf5 Qxf5 19. Qxf5 gxf5 20. Kf1 f6
21. Rxe8+ Rxe8 22. Re1 Ra8 23. Re3 Kf7 24. Rf3 Rh8 25. Rxf5 Ne7 26. Rf3 Rxh2
27. g3 Rh1+ 28. Ke2 c5 29. Rd3 Kg6 30. dxc5 bxc5 31. b4 d4 32. Bd2 b6 33. bxc5
bxc5 34. c3 Nc6 35. cxd4 Nxd4+ 36. Ke3 Ra1 37. Rc3 Rxa3 38. Rxa3 Nc2+ 39. Kd3
Nxa3 40. Be3 c4+ 41. Kc3 Kf5 42. f3 g5 43. Bc1 Nb5+ 44. Kxc4 Nc7 45. Bb2 Ne8
46. Kd5 g4 47. fxg4+ Kxg4 48. Bxf6 Nxf6+ 49. Ke5 Kxg3 50. Kxf6 1/2-1/2

[Event "BL 9293 Erfurt-München 36"]
[Site "?"]
[Date "1993.??.??"]
[Round "?.4"]
[White "Mueller, Mat"]
[Black "Lau, R."]
[Result "1/2-1/2"]
[WhiteElo "2395"]
[BlackElo "2530"]
[PlyCount "61"]
[EventDate "1993.??.??"]

1. e4 d6 2. d4 g6 3. Nc3 Bg7 4. f4 c6 5. Nf3 Bg4 6. Be3 Qb6 7. Qd2 Bxf3 8. gxf3
Nd7 9. O-O-O Qa5 10. Kb1 b5 11. f5 Nb6 12. Bd3 Rb8 13. h4 Nc4 14. Bxc4 bxc4 15.
h5 gxf5 16. Rhg1 Bf6 17. Rg2 c5 18. exf5 Qa3 19. b3 cxb3 20. cxb3 c4 21. Qb2
Qa5 22. Rdg1 Kd7 23. Ne4 cxb3 24. axb3 Qxf5 25. Qa3 Qb5 26. Ka2 a5 27. Rc1 Qb4
28. Rgc2 Rb7 29. Rc8 Bg7 30. h6 Bf6 31. Ra8 1/2-1/2

[Event "BL 9293 Erfurt-München 36"]
[Site "?"]
[Date "1993.??.??"]
[Round "?.5"]
[White "Gruenberg, HU."]
[Black "Maiwald, JU."]
[Result "1/2-1/2"]
[WhiteElo "2495"]
[BlackElo "2400"]
[PlyCount "59"]
[EventDate "1993.??.??"]

1. d4 Nf6 2. c4 e6 3. Nf3 b6 4. g3 Ba6 5. Nbd2 Bb7 6. Bg2 Be7 7. O-O O-O 8. Re1
d5 9. Ne5 c5 10. cxd5 exd5 11. e3 Na6 12. a3 Rc8 13. Bh3 Rc7 14. b3 c4 15. b4
Qe8 16. Qc2 c3 17. Nb1 Bd6 18. b5 Nb8 19. Nxc3 Bxe5 20. dxe5 Qxe5 21. Bb2 Nbd7
22. Qd2 Qh5 23. Bg2 Ne5 24. Qe2 Qxe2 25. Rxe2 Nd3 26. Na2 Ne4 27. Nb4 Nxb2 28.
Rxb2 Re8 29. Bxe4 dxe4 30. Kg2 1/2-1/2

[Event "BL 9293 Erfurt-München 36"]
[Site "?"]
[Date "1993.??.??"]
[Round "?.6"]
[White "Brueggemann, Joa"]
[Black "Enders, P."]
[Result "0-1"]
[WhiteElo "2330"]
[BlackElo "2490"]
[PlyCount "84"]
[EventDate "1993.??.??"]

1. e4 c5 2. Nf3 d6 3. d4 cxd4 4. Nxd4 Nf6 5. Nc3 a6 6. Bg5 e6 7. Qe2 Nbd7 8.
O-O-O b5 9. f4 Qa5 10. e5 dxe5 11. Qf3 exd4 12. Qxa8 Nb6 13. Bxb5+ Qxb5 14.
Qxc8+ Nxc8 15. Nxb5 axb5 16. Rxd4 Nb6 17. Rhd1 Nfd5 18. f5 f6 19. Bh4 Bc5 20.
R4d3 g5 21. Be1 Ke7 22. fxe6 Kxe6 23. Ba5 Rc8 24. Re1+ Kf7 25. Bxb6 Nxb6 26. a3
Nc4 27. Rb3 Rb8 28. Re4 Rb6 29. Re2 f5 30. Rd3 f4 31. Rd5 Be3+ 32. Kb1 g4 33.
Ka2 f3 34. gxf3 gxf3 35. Re1 f2 36. Rd7+ Ke6 37. Red1 Bd2 38. Rxh7 Be1 39. Rh8
Kf5 40. Rd5+ Ke4 41. Rdh5 f1=Q 42. Re8+ Kd4 0-1

[Event "BL 9293 Bayern-Erfurt"]
[Site "?"]
[Date "1993.??.??"]
[Round "?.1"]
[White "Kuczynski, R."]
[Black "Huebner, R."]
[Result "1/2-1/2"]
[WhiteElo "2525"]
[BlackElo "2620"]
[PlyCount "69"]
[EventDate "1993.??.??"]

1. e4 e5 2. Nf3 Nc6 3. d4 exd4 4. Nxd4 Bc5 5. Be3 Qf6 6. c3 Nge7 7. Bc4 O-O 8.
O-O b6 9. Nc2 Bb7 10. f4 d5 11. Bxc5 bxc5 12. e5 Qe6 13. Bd3 f6 14. exf6 Rxf6
15. Nd2 c4 16. Be2 Raf8 17. g3 Nd8 18. Nd4 Qb6 19. Qc1 Nf5 20. N2f3 Re8 21. Rf2
Nd6 22. Bf1 Ne4 23. Re2 Ne6 24. Qd1 Nxf4 25. gxf4 c5 26. Qa4 Rd8 27. Nc2 Qxb2
28. Qa3 Qxa3 29. Nxa3 Rxf4 30. Bg2 Rdf8 31. Re3 Rg4 32. Ne5 Rg5 33. Nf3 Rg6 34.
Ne5 Rg5 35. Nf3 {oder 1-0? ; Hübner wurde wegen Abgabe eines unleserlichen
Partieformular vom Schiedsrichter vorläufig genullt. Das Schiedsgericht des
DSB wird über die Wertung der Partie noch entscheiden.} 1/2-1/2

[Event "BL 9293 Bayern-Erfurt"]
[Site "?"]
[Date "1993.??.??"]
[Round "?.2"]
[White "Ribli, Z."]
[Black "Casper, T."]
[Result "1-0"]
[WhiteElo "2620"]
[BlackElo "2425"]
[PlyCount "85"]
[EventDate "1993.??.??"]

1. c4 Nf6 2. Nf3 d6 3. g3 e5 4. Nc3 c6 5. Bg2 Be7 6. O-O O-O 7. Qc2 c5 8. b3
Nc6 9. e3 Bg4 10. h3 Bd7 11. a3 Qc8 12. Kh2 Bf5 13. d3 Rb8 14. Bb2 a6 15. Nd5
Nxd5 16. cxd5 Na7 17. Nd2 b5 18. f4 f6 19. Rac1 a5 20. g4 Bg6 21. Ne4 Qa6 22.
g5 a4 23. b4 cxb4 24. axb4 Rbc8 25. Bc3 Bxe4 26. Bxe4 f5 27. Bg2 Rc7 28. Qd2 a3
29. fxe5 Bxg5 30. e6 Nc8 31. Bd4 Rxc1 32. Rxc1 Ne7 33. Rc7 a2 34. Ba1 Rc8 35.
Rxc8+ Nxc8 36. Qc3 Qb7 37. e7 Qxe7 38. Qxc8+ Qf8 39. Qxf8+ Kxf8 40. e4 fxe4 41.
Bxe4 Bd2 42. d4 Bxb4 43. Bd3 1-0

[Event "BL 9293 Bayern-Erfurt"]
[Site "?"]
[Date "1993.??.??"]
[Round "?.3"]
[White "Mueller, Mat"]
[Black "Hjartarson, J."]
[Result "0-1"]
[WhiteElo "2395"]
[BlackElo "2625"]
[PlyCount "68"]
[EventDate "1993.??.??"]

1. e4 e5 2. Nf3 Nc6 3. d4 exd4 4. Nxd4 Nf6 5. Nc3 Bb4 6. Nxc6 bxc6 7. Bd3 d5 8.
exd5 cxd5 9. O-O O-O 10. Bg5 c6 11. Ne2 Bd6 12. Nd4 c5 13. Nf5 Bxf5 14. Bxf5
Rb8 15. b3 Be5 16. Rb1 Qd6 17. Bxf6 Qxf6 18. Bd3 Rfe8 19. c4 d4 20. Qc2 g6 21.
Rfe1 Bc7 22. Re4 Ba5 23. Rd1 Rxe4 24. Bxe4 Bc3 25. g3 a5 26. Rd3 Qe5 27. Rf3
Kg7 28. Bd5 f5 29. Rd3 a4 30. Kg2 a3 31. Qc1 Bb4 32. Qg5 Re8 33. Bf3 h6 34. Qh4
Qd6 0-1

[Event "BL 9293 Bayern-Erfurt"]
[Site "?"]
[Date "1993.??.??"]
[Round "?.4"]
[White "Bischoff, K."]
[Black "Maiwald, JU."]
[Result "1/2-1/2"]
[WhiteElo "2505"]
[BlackElo "2400"]
[PlyCount "110"]
[EventDate "1993.??.??"]

1. c4 e6 2. Nc3 Bb4 3. Qc2 Nf6 4. a3 Bxc3 5. Qxc3 O-O 6. g3 d6 7. Bg2 e5 8. d3
Re8 9. e4 a5 10. b3 c5 11. Ne2 Nc6 12. O-O h6 13. Qb2 Nh7 14. Nc3 Nd4 15. Be3
Bg4 16. b4 b6 17. f3 axb4 18. axb4 Rxa1 19. Qxa1 Nc2 20. Qc1 Nxe3 21. Qxe3 Bd7
22. b5 Nf6 23. Ra1 Bc8 24. Ra7 Be6 25. Nd1 Qb8 26. Ra3 Re7 27. Qc1 Ra7 28. Qa1
Rxa3 29. Qxa3 Ne8 30. Ne3 Nc7 31. Kf2 Kf8 32. Qa1 Qa8 33. Qxa8+ Nxa8 34. f4 Nc7
35. Nd1 Ke8 36. Nc3 Kd8 37. Na4 Na8 38. Bf3 Ke7 39. Ke3 Kf6 40. h4 Bd7 41. Nc3
Nc7 42. Nd1 Ne8 43. Nf2 Ke7 44. Bg4 Bxg4 45. Nxg4 h5 46. Nf2 g6 47. Nd1 Nf6 48.
Kf3 Ng4 49. Nc3 Nf6 50. Na4 Nd7 51. f5 Kd8 52. fxg6 fxg6 53. g4 Ke8 54. gxh5
gxh5 55. Nc3 Nf6 1/2-1/2

[Event "BL 9293 Bayern-Erfurt"]
[Site "?"]
[Date "1993.??.??"]
[Round "?.5"]
[White "Brueggemann, Joa"]
[Black "Kindermann, S."]
[Result "0-1"]
[WhiteElo "2330"]
[BlackElo "2495"]
[PlyCount "106"]
[EventDate "1993.??.??"]

1. e4 e6 2. d4 d5 3. Nc3 Bb4 4. Qd3 dxe4 5. Qxe4 Nf6 6. Qh4 Bd7 7. Bd3 Bc6 8.
Nge2 Nbd7 9. O-O Qe7 10. Bf4 Bd6 11. Rfe1 O-O-O 12. Bb5 Bxf4 13. Qxf4 Qd6 14.
Rad1 Qxf4 15. Nxf4 Bxb5 16. Nxb5 a6 17. Na3 e5 18. dxe5 Nxe5 19. Kf1 Rxd1 20.
Rxd1 b5 21. c3 c5 22. Nc2 Rd8 23. Rxd8+ Kxd8 24. Ke2 Kd7 25. h4 h5 26. Ne3 g6
27. f3 Kd6 28. b3 a5 29. Kd2 Nfd7 30. Nh3 Nb6 31. Ng5 Nd5 32. Ne4+ Kc6 33. Nxd5
Kxd5 34. Nf6+ Ke6 35. Ne4 c4 36. b4 Nc6 37. a3 Ke5 38. Ke3 axb4 39. cxb4 Ne7
40. f4+ Kd5 41. Nc3+ Kc6 42. Ke4 Nf5 43. Ne2 Nxh4 44. g3 Nf5 45. Ke5 c3 46.
Nxc3 Nxg3 47. Nd1 Nf5 48. Kf6 Nd6 49. Ne3 h4 50. Kg5 h3 51. Nf1 Kd5 52. Kg4 Ke4
53. Ng3+ Ke3 0-1

[Event "BL 9293 Bayern-Erfurt"]
[Site "?"]
[Date "1993.??.??"]
[Round "?.6"]
[White "Boensch, U."]
[Black "Voekler, B."]
[Result "1/2-1/2"]
[WhiteElo "2490"]
[BlackElo "2335"]
[PlyCount "121"]
[EventDate "1993.??.??"]

1. d4 Nf6 2. c4 e5 3. dxe5 Ne4 4. Nf3 Bb4+ 5. Bd2 Nxd2 6. Nbxd2 Nc6 7. a3 Bxd2+
8. Qxd2 Qe7 9. Qc3 b6 10. e3 Bb7 11. c5 O-O 12. Rc1 Rfe8 13. Bb5 Nxe5 14. Nxe5
Qxe5 15. O-O Qd5 16. c6 dxc6 17. Bxc6 Bxc6 18. Qxc6 Qxc6 19. Rxc6 Re7 20. Rd1
Kf8 21. g4 Ke8 22. Rdc1 Rc8 23. Kg2 Kd7 24. Kf3 Re6 25. Rxe6 Kxe6 26. Ke4 c5
27. f4 b5 28. Rd1 c4 29. Rd5 c3 30. Re5+ Kd6 31. bxc3 Rxc3 32. Rxb5 Rxa3 33.
Rb7 Ke6 34. h4 h6 35. Rc7 Ra4+ 36. Kf3 g6 37. Rc5 Kf6 38. h5 gxh5 39. Rc6+ Kg7
40. gxh5 Ra1 41. Ke4 a5 42. Ra6 a4 43. f5 Rh1 44. Ke5 Rxh5 45. Rxa4 Rg5 46. Rh4
Rg1 47. e4 Rg2 48. Rh1 Rg4 49. Kd5 Rf4 50. Kd4 Rg4 51. Rh3 Rg2 52. e5 Rg1 53.
Rf3 h5 54. f6+ Kg8 55. Rf5 h4 56. Rh5 Rg4+ 57. Ke3 Ra4 58. Kf3 Rb4 59. Rg5+ Kf8
60. Rg4 Rb3+ 61. Kg2 1/2-1/2

[Event "BL 9293 Bayern-Erfurt"]
[Site "?"]
[Date "1993.??.??"]
[Round "?.7"]
[White "Troyke, C."]
[Black "Schlosser, P."]
[Result "1/2-1/2"]
[WhiteElo "2340"]
[BlackElo "2520"]
[PlyCount "103"]
[EventDate "1993.??.??"]

1. Nf3 c5 2. g3 g6 3. Bg2 Bg7 4. c4 Nc6 5. Nc3 d6 6. O-O Qd7 7. e3 Bxc3 8. bxc3
b6 9. d3 Bb7 10. e4 O-O-O 11. Re1 e6 12. Be3 f5 13. Bg5 Nge7 14. e5 dxe5 15.
Nxe5 Nxe5 16. Bxb7+ Kxb7 17. Rxe5 Rde8 18. Bxe7 Rxe7 19. d4 cxd4 20. cxd4 Rc8
21. Qd3 Qa4 22. c5 Rd7 23. Rxe6 Rxc5 24. Re7 Rcd5 25. Rxd7+ Rxd7 26. d5 Qe4 27.
Qxe4 fxe4 28. Re1 Rxd5 29. Rxe4 Kc6 30. Kg2 Rd7 31. h4 Kd5 32. Re2 Kc4 33. g4
Kd3 34. Re5 Kc4 35. Re2 b5 36. f4 a5 37. Kf3 b4 38. f5 Rf7 39. Kf4 a4 40. Re6
gxf5 41. gxf5 b3 42. axb3+ axb3 43. Rb6 Kc3 44. f6 b2 45. Ke5 Ra7 46. Rb8 Ra1
47. f7 Rf1 48. Ke6 h5 49. Ke7 Re1+ 50. Kf6 b1=Q 51. Rxb1 Rxb1 52. f8=Q 1/2-1/2

[Event "BL 9293 München 36-Dresden"]
[Site "?"]
[Date "1993.??.??"]
[Round "?.2"]
[White "Hertneck, G."]
[Black "Uhlmann, W."]
[Result "1-0"]
[WhiteElo "2575"]
[BlackElo "2500"]
[PlyCount "63"]
[EventDate "1993.??.??"]

1. e4 e6 2. d4 d5 3. Nc3 Bb4 4. e5 Ne7 5. a3 Bxc3+ 6. bxc3 c5 7. Qg4 O-O 8. Bd3
Nbc6 9. Bg5 Qa5 10. Ne2 cxd4 11. f4 dxc3 12. O-O Ng6 13. Qh5 Qc5+ 14. Kh1 Nce7
15. Rf3 f6 16. exf6 gxf6 17. Rh3 Rf7 18. Bxf6 Rxf6 19. Qxh7+ Kf8 20. Rg3 Qf2
21. h4 Ke8 22. Bxg6+ Nxg6 23. Rxg6 Rxg6 24. Qxg6+ Kd7 25. Qg7+ Kd6 26. Qe5+ Ke7
27. Nxc3 Qxh4+ 28. Kg1 Bd7 29. Qg7+ Kd6 30. Ne4+ dxe4 31. Rd1+ Kc5 32. Qd4+ 1-0

[Event "BL 9293 München 36-Dresden"]
[Site "?"]
[Date "1993.??.??"]
[Round "?.3"]
[White "Dobrovolsky, L."]
[Black "Smejkal, J."]
[Result "1/2-1/2"]
[WhiteElo "2405"]
[BlackElo "2500"]
[PlyCount "22"]
[EventDate "1993.??.??"]

1. e4 e5 2. Nf3 Nc6 3. Bc4 Bc5 4. c3 Nf6 5. d3 d6 6. Bb3 a6 7. O-O Ba7 8. Re1
O-O 9. Nbd2 Be6 10. Nf1 Bxb3 11. Qxb3 Qc8 1/2-1/2

[Event "BL 9293 München 36-Dresden"]
[Site "?"]
[Date "1993.??.??"]
[Round "?.4"]
[White "Lau, R."]
[Black "Kaminski, U."]
[Result "1-0"]
[WhiteElo "2530"]
[BlackElo "2400"]
[PlyCount "81"]
[EventDate "1993.??.??"]

1. e4 c5 2. Nf3 d6 3. d4 cxd4 4. Nxd4 Nf6 5. Nc3 Nc6 6. Bg5 e6 7. Qd2 a6 8.
O-O-O h6 9. Bf4 Bd7 10. Nxc6 Bxc6 11. f3 d5 12. Qe1 Bb4 13. a3 Ba5 14. Bd2 Qe7
15. e5 Nd7 16. f4 Rc8 17. Kb1 Bb6 18. Qg3 g6 19. Bd3 h5 20. Rhf1 Nc5 21. Be3
Bd8 22. Bxg6 fxg6 23. Qxg6+ Qf7 24. Qxf7+ Kxf7 25. Bxc5 h4 26. Bd4 Rh5 27. Rf2
Be7 28. Rg1 Rg8 29. Nd1 Rh6 30. Ne3 Rhg6 31. Kc1 Bd7 32. Rf3 b5 33. Rh3 a5 34.
g4 hxg3 35. hxg3 b4 36. axb4 Bxb4 37. g4 Rc8 38. Rh7+ Rg7 39. Rxg7+ Kxg7 40. c3
Be7 41. Nxd5 1-0

[Event "BL 9293 München 36-Dresden"]
[Site "?"]
[Date "1993.??.??"]
[Round "?.5"]
[White "Borriss, M."]
[Black "Gruenberg, HU."]
[Result "0-1"]
[WhiteElo "2395"]
[BlackElo "2495"]
[PlyCount "64"]
[EventDate "1993.??.??"]

1. e4 c5 2. Nf3 d6 3. d4 cxd4 4. Nxd4 Nf6 5. Nc3 a6 6. Be3 Ng4 7. Bg5 h6 8. Bh4
g5 9. Be2 Bg7 10. Bg3 h5 11. h4 gxh4 12. Rxh4 Nc6 13. Nb3 Be6 14. Qd2 Qb6 15.
Nd5 Bxd5 16. exd5 Nce5 17. c3 Bf6 18. Rh3 h4 19. Bxe5 Nxe5 20. O-O-O Rg8 21. f4
Ng4 22. Re1 O-O-O 23. Bf3 Kb8 24. Rhh1 Ne5 25. Rhf1 Rc8 26. Kb1 Nc4 27. Qd3 a5
28. Re4 Nxb2 29. Kxb2 Rxc3 30. Qxc3 Bxc3+ 31. Kxc3 Rc8+ 32. Kd2 a4 0-1

[Event "BL 9293 München 36-Dresden"]
[Site "?"]
[Date "1993.??.??"]
[Round "?.6"]
[White "Enders, P."]
[Black "Goldberg, A."]
[Result "0-1"]
[WhiteElo "2490"]
[BlackElo "2365"]
[PlyCount "52"]
[EventDate "1993.??.??"]

1. e4 e5 2. Nf3 Nc6 3. Bb5 a6 4. Ba4 Nf6 5. O-O Be7 6. Re1 b5 7. Bb3 O-O 8. c3
d5 9. exd5 Nxd5 10. Nxe5 Nxe5 11. Rxe5 c6 12. d4 Bd6 13. Re2 Qh4 14. g3 Qh3 15.
Nd2 Bf5 16. a4 Rae8 17. axb5 Nf4 18. gxf4 Qg4+ 19. Kf1 Bd3 20. Ne4 Qf3 21. Ke1
Bxe2 22. Qxe2 Qh1+ 23. Kd2 Rxe4 24. Qd1 Bxf4+ 25. Kd3 Re1 26. Bxf4 Qe4+ 0-1

[Event "BL 9293 München 36-Dresden"]
[Site "?"]
[Date "1993.??.??"]
[Round "?.7"]
[White "Heinatz, T."]
[Black "Volke, K."]
[Result "0-1"]
[WhiteElo "2365"]
[BlackElo "2460"]
[PlyCount "50"]
[EventDate "1993.??.??"]

1. e4 c5 2. Nf3 e6 3. d4 cxd4 4. Nxd4 Nf6 5. Nc3 d6 6. g4 Be7 7. g5 Nfd7 8. h4
Nb6 9. Be3 O-O 10. Qe2 d5 11. exd5 Nxd5 12. Nxd5 Qxd5 13. Rg1 e5 14. Nb3 Nc6
15. Bg2 e4 16. Qd2 Qc4 17. Bf1 Qa4 18. Nc5 Bxc5 19. Bxc5 Ne5 20. Rg3 Re8 21.
O-O-O Bg4 22. Be2 Bxe2 23. Qxe2 Rac8 24. Bd4 Nf3 25. Bc3 Qxa2 0-1

[Event "BL 9293 München 36-Dresden"]
[Site "?"]
[Date "1993.??.??"]
[Round "?.8"]
[White "Ruf, M."]
[Black "Wegener, D."]
[Result "1-0"]
[WhiteElo "2425"]
[BlackElo "2305"]
[PlyCount "71"]
[EventDate "1993.??.??"]

1. g3 g6 2. Bg2 Bg7 3. c4 Nc6 4. Nc3 e5 5. d3 f5 6. Rb1 a5 7. a3 Nf6 8. b4 axb4
9. axb4 O-O 10. Nf3 d6 11. O-O h6 12. b5 Ne7 13. Bb2 g5 14. c5 f4 15. Qb3+ Kh8
16. b6 fxg3 17. hxg3 c6 18. Ne4 Nxe4 19. dxe4 Ra5 20. cxd6 Qxd6 21. Qc3 Rb5 22.
Ba3 Qe6 23. Rxb5 cxb5 24. Qc5 Nc6 25. Qxb5 Rd8 26. Bc5 Qa2 27. Re1 Be6 28. Qb1
Qc4 29. Ba3 Ra8 30. Bd6 Ra5 31. Rc1 Rb5 32. Qa1 Qxe2 33. Qa8+ Kh7 34. Qxb7 Rb2
35. Rf1 Qb5 36. Bf8 1-0

[Event "BL 9293 Solingen-Porz"]
[Site "?"]
[Date "1993.??.??"]
[Round "?.1"]
[White "Lutz, C."]
[Black "Podzielny, KH."]
[Result "1/2-1/2"]
[WhiteElo "2550"]
[BlackElo "2450"]
[PlyCount "88"]
[EventDate "1993.??.??"]

1. d4 Nf6 2. c4 g6 3. Nc3 Bg7 4. e4 d6 5. Nf3 O-O 6. Be2 e5 7. O-O Na6 8. Re1
Qe8 9. dxe5 dxe5 10. b3 Nc5 11. Nd2 Qd8 12. Ba3 Nfd7 13. Qc2 Re8 14. Bg4 Bf8
15. Nf3 c6 16. Rad1 Qf6 17. Nb1 h5 18. Bxd7 Nxd7 19. c5 h4 20. h3 Nb8 21. Bc1
Na6 22. Bg5 Qg7 23. Be3 Be7 24. Qc1 Be6 25. Qc3 Bf6 26. Ng5 Nc7 27. Na3 Qf8 28.
Nc4 Nb5 29. Qc1 Bxc4 30. Qxc4 Qe7 31. Nf3 Rad8 32. Qc1 Rxd1 33. Rxd1 Rd8 34. a4
Nc7 35. Rd2 Ne6 36. b4 Nd4 37. Bxd4 exd4 38. Qe1 a5 39. e5 Bg7 40. Rxd4 Rxd4
41. Nxd4 axb4 42. Qxb4 Qxe5 43. Nf3 Qa1+ 44. Kh2 Be5+ 1/2-1/2

[Event "BL 9293 Solingen-Porz"]
[Site "?"]
[Date "1993.??.??"]
[Round "?.2"]
[White "Zysk, R."]
[Black "Christiansen, L."]
[Result "0-1"]
[WhiteElo "2440"]
[BlackElo "2620"]
[PlyCount "62"]
[EventDate "1993.??.??"]

1. d4 Nf6 2. Nf3 e6 3. c4 b6 4. Nc3 Bb7 5. a3 d5 6. cxd5 Nxd5 7. e3 g6 8. Bb5+
c6 9. Nxd5 exd5 10. Bd3 Bg7 11. e4 dxe4 12. Bxe4 O-O 13. O-O Nd7 14. Bg5 Bf6
15. Bf4 Re8 16. Re1 Rc8 17. Rc1 Re6 18. Qa4 a5 19. Qb3 Qf8 20. Re3 Rce8 21.
Rce1 Qg7 22. Qd3 h6 23. h3 a4 24. Qc2 Ra8 25. Rc3 Rae8 26. Ree3 g5 27. Bg3 Nf8
28. Ne5 c5 29. d5 Rxe5 30. Bxe5 Bxe5 31. Qxa4 Ra8 0-1

[Event "BL 9293 Solingen-Porz"]
[Site "?"]
[Date "1993.??.??"]
[Round "?.4"]
[White "Schaefer, Ma"]
[Black "Vaganian, R."]
[Result "1/2-1/2"]
[WhiteElo "2430"]
[BlackElo "2615"]
[PlyCount "42"]
[EventDate "1993.??.??"]

1. e4 e6 2. d4 d5 3. Nd2 c5 4. Ngf3 Nc6 5. exd5 exd5 6. Bb5 Bd6 7. dxc5 Bxc5 8.
O-O Nge7 9. Nb3 Bd6 10. Nfd4 O-O 11. c3 Qc7 12. Qh5 Ne5 13. Be2 a6 14. f4 Nd7
15. f5 Nf6 16. Qh4 Re8 17. Bd3 Nc6 18. Bg5 Ne5 19. Bxf6 gxf6 20. Rae1 Qd8 21.
Bc2 Kg7 1/2-1/2

[Event "BL 9293 Solingen-Porz"]
[Site "?"]
[Date "1993.??.??"]
[Round "?.6"]
[White "Beckemeyer, W."]
[Black "Knaak, R."]
[Result "1/2-1/2"]
[WhiteElo "2390"]
[BlackElo "2515"]
[PlyCount "133"]
[EventDate "1993.??.??"]

1. Nf3 e6 2. d4 d5 3. c3 Bd6 4. Bg5 Ne7 5. Nbd2 f5 6. e3 Nd7 7. h3 O-O 8. g4
Qe8 9. Qc2 c5 10. O-O-O c4 11. gxf5 exf5 12. Bg2 Kh8 13. h4 b5 14. h5 h6 15.
Bf4 Bb8 16. Ne5 Bxe5 17. dxe5 Nc5 18. Nf3 a5 19. e6 Ra6 20. Ne5 Bxe6 21. Qd2
Bg8 22. Rdg1 a4 23. Bf3 a3 24. bxa3 Rff6 25. Rg3 Qa8 26. Kb1 Rxa3 27. Ng6+ Nxg6
28. hxg6 Nd3 29. Be2 Qe8 30. Bxd3 cxd3 31. e4 Qxe4 32. f3 Qa4 33. Bxh6 Qc2+ 34.
Qxc2 dxc2+ 35. Kb2 Rxa2+ 36. Kxa2 gxh6 37. Rxh6+ Kg7 38. Rh1 d4+ 39. Kb2 d3 40.
f4 Rd6 41. Kc1 Bc4 42. Kd2 Ra6 43. Rxd3 Bxd3 44. Kxd3 Ra2 45. Rg1 Rb2 46. Ra1
Kxg6 47. Kd2 b4 48. cxb4 Rxb4 49. Kxc2 Rxf4 50. Kd2 Re4 51. Rg1+ Kh5 52. Kd3
Re5 53. Kd4 Re2 54. Rh1+ Kg5 55. Rg1+ Kf6 56. Rf1 Re4+ 57. Kd3 Ke5 58. Ra1 Kf4
59. Rf1+ Kg4 60. Rg1+ Kh3 61. Rf1 Re5 62. Kd4 Ra5 63. Ke3 Ra3+ 64. Kf4 Kg2 65.
Rb1 Rf3+ 66. Kg5 f4 67. Kg4 1/2-1/2

[Event "BL 9293 Solingen-Porz"]
[Site "?"]
[Date "1993.??.??"]
[Round "?.7"]
[White "Vogt, L."]
[Black "Schmidt, B."]
[Result "0-1"]
[WhiteElo "2520"]
[BlackElo "2340"]
[PlyCount "104"]
[EventDate "1993.??.??"]

1. e4 e6 2. d4 d5 3. Nc3 Bb4 4. e5 c5 5. a3 Bxc3+ 6. bxc3 Qc7 7. Qg4 f5 8. Qh5+
Qf7 9. Qxf7+ Kxf7 10. Nf3 cxd4 11. cxd4 h6 12. c4 Ne7 13. c5 Nbc6 14. h4 Bd7
15. Rb1 Rhb8 16. Bd3 b6 17. cxb6 Rxb6 18. Rxb6 axb6 19. Ke2 Na5 20. Bb2 Bc8 21.
Nd2 Ba6 22. Rc1 Bxd3+ 23. Kxd3 Rc8 24. Rxc8 Nxc8 25. h5 b5 26. Bc3 Nc4 27. Nb1
N8b6 28. Bb4 Na4 29. Nc3 Ncb2+ 30. Kc2 Nxc3 31. Bxc3 Nc4 32. Bb4 g6 33. hxg6+
Kxg6 34. Kc3 Kg5 35. Bf8 h5 36. Kb4 Kg4 37. Kxb5 f4 38. Kc6 f3 39. gxf3+ Kxf3
40. Be7 Ke4 41. Kd7 Kf5 42. a4 Nb6+ 43. Ke8 Nxa4 44. Kf7 Nc3 45. Kg7 Ne2 46.
Kh6 Nxd4 47. Kxh5 Nc6 48. Bc5 Nxe5 49. Kh4 d4 50. Kg3 d3 51. Be3 Nc4 52. Kf3 e5
0-1

[Event "BL 9293 Solingen-Porz"]
[Site "?"]
[Date "1993.??.??"]
[Round "?.8"]
[White "Serrer, C."]
[Black "Mainka, R."]
[Result "1/2-1/2"]
[WhiteElo "2275"]
[BlackElo "2515"]
[PlyCount "99"]
[EventDate "1993.??.??"]

1. Nf3 Nf6 2. c4 c5 3. Nc3 Nc6 4. d4 cxd4 5. Nxd4 e6 6. Bf4 a6 7. Nc2 Qa5 8.
Bd2 Qc7 9. e3 b6 10. Be2 Bb7 11. O-O Be7 12. Bf3 O-O 13. Qe2 Rfc8 14. Rfc1 d6
15. b3 Nd7 16. Ne1 Nde5 17. Nd5 Qd8 18. Nxe7+ Qxe7 19. Bc3 Nxf3+ 20. Nxf3 e5
21. e4 Nd8 22. Bb4 Ne6 23. Qe3 Qc7 24. Rd1 Rd8 25. Rd2 Rd7 26. Rad1 Rad8 27.
Ne1 b5 28. cxb5 axb5 29. f3 f6 30. Nd3 Nd4 31. Rc1 Qb6 32. Kf2 Rc7 33. Rxc7
Qxc7 34. Ne1 Rc8 35. Qd3 d5 36. exd5 Bxd5 37. Kf1 Bf7 38. Rd1 Qa7 39. Qd2 Ra8
40. Rc1 Nf5 41. Rc5 h5 42. f4 Re8 43. fxe5 fxe5 44. Nf3 Qb8 45. Bc3 Rd8 46. Qe2
b4 47. Qxe5 bxc3 48. Qxf5 Qa7 49. Rxc3 Qxa2 50. Qc2 1/2-1/2

[Event "BL 9293 Dortmund-Koblenz"]
[Site "?"]
[Date "1993.??.??"]
[Round "?.2"]
[White "Schmittdiel, E."]
[Black "Rozentalis, E."]
[Result "0-1"]
[WhiteElo "2450"]
[BlackElo "2595"]
[PlyCount "154"]
[EventDate "1993.??.??"]

1. e4 e6 2. d4 d5 3. Nc3 Bb4 4. e5 c5 5. a3 Bxc3+ 6. bxc3 Ne7 7. Nf3 Bd7 8. a4
Qa5 9. Qd2 Nbc6 10. Ba3 cxd4 11. cxd4 Qxd2+ 12. Kxd2 Nf5 13. c3 Na5 14. Ra2 h5
15. Bb4 Nc4+ 16. Bxc4 dxc4 17. Ke2 Bc6 18. Rb1 f6 19. Nd2 fxe5 20. dxe5 g5 21.
f3 g4 22. Raa1 Bd5 23. Ne4 O-O-O 24. Nf6 gxf3+ 25. gxf3 Nh4 26. Kf2 Bc6 27. Bd6
Nxf3 28. Rb4 Rh6 29. Ne4 Bxe4 30. Rxc4+ Bc6 31. Rxc6+ bxc6 32. Kxf3 Rd7 33. Ke4
Rg6 34. Kd4 Rg4+ 35. Kc5 Kb7 36. Rb1+ Ka6 37. Kxc6 Rf7 38. Bb4 Re4 39. Kd6 Rf5
40. Kxe6 Rexe5+ 41. Kd6 Re2 42. Rd1 Kb7 43. h4 Re4 44. Rg1 Rg4 45. Rb1 Rg6+ 46.
Ke7 Kc6 47. a5 Rd5 48. Rf1 Rg4 49. Rf6+ Kb5 50. Ke6 Kc4 51. Rf7 Re4+ 52. Kf6
Rf4+ 53. Kg6 Rxf7 54. Kxf7 a6 55. Kf6 Kd3 56. Kg6 Rb5 57. Kf6 Ke4 58. Ke6 Rd5
59. Kf6 Rf5+ 60. Ke6 Rf4 61. Be7 Kd3 62. Bg5 Ra4 63. Bd8 Rc4 64. Kf5 Rxc3 65.
Kg6 Rc5 66. Bg5 Ke4 67. Kxh5 Kf5 68. Bd2 Rc8 69. Kh6 Rh8+ 70. Kg7 Rxh4 71. Be3
Re4 72. Bb6 Re6 73. Kf7 Ke5 74. Bd4+ Kd5 75. Bf2 Rc6 76. Be3 Kc4 77. Bb6 Kb5
0-1